000 01468npm a2200313 a 4500
005 20171108020002.0
008 171030s2017 ck ao|||r||||f00| 0 spa d
020 _a9789588901473 (Obra completa)
040 _aCO-BoIAVH
_cCO-BoIAVH
041 0 _aspa
044 _ack
082 0 4 _a628.168
_bC71t
110 1 _aColombia
_bMinisterio de Ambiente y Desarrollo Sostenible
245 1 0 _aLo que todos debemos saber sobre componentes orgánicos /
_cMinisterio de Ambiente y Desarrollo Sostenible
246 1 3 _aLo que todos debemos saber sobre COP
260 _aBogotá (Colombia) :
_bMinisterio de Ambiente y Desarrollo Sostenible :
_bGEF :
_bPNUD,
_c2017.
300 _a4 volúmenes :
_bilustraciones y fotografías a color
_c25 x 21 cm.
490 0 _aContaminantes orgánicos persistentes ;
_x97895889014780
504 _aIncluye referencias bibliográficas.
505 0 _aVolumen 1. Conociendo los COP.
505 0 _aVolumen 2. Plaguicidas COP.
505 0 _aVolumen 3. COP uso industrial aspectos básicos.
505 0 _aVolumen 4. Plan nacional de Implementación - PNI del Convenio de Estocolmo en Colombia 2017. Resumen ejecutivo.
611 2 _aConvención de Estocolmo
_d(23 de mayo de 2001 :
_cEstocolmo (Suecia))
_xImplementación
650 2 6 _aContaminantes.
_xConocimiento
650 2 6 _aContaminantes.
_xEducación ambiental
650 2 6 _aContaminantes.
_xCompuestos orgánicos
942 _2ddc
_cFolleto
_01
999 _c19938
_d19938